[Event "ROM-ch U12 Girls"]
[Site "Calimanesti Caciulata"]
[Date "2016.04.21"]
[Round "4"]
[White "Lucutar, Sonia Patricia"]
[Black "Pisu, Bianca"]
[Result "1-0"]
[WhiteElo "1010"]
[BlackElo "1001"]
[PlyCount "89"]
[EventDate "2016.04.18"]
[EventType "swiss"]
[EventRounds "9"]
[EventCountry "ROU"]
[SourceTitle "CBM 172 Extra"]
[Source "ChessBase"]
[SourceDate "2016.06.21"]
[SourceVersion "1"]
[SourceVersionDate "2016.06.21"]
[SourceQuality "1"]

1. d4 d5 2. Nc3 Nf6 3. Bg5 e6 4. e3 Be7 5. a3 0-0 6. f4 h6 7. Bxf6 Bxf6 8. Nf3 Nc6 9. g3 Re8 10. Bb5 a6 11. Ba4 b5 12. Bb3 Bb7 13. Qd3 Be7 14. 0-0 Na5 15. Ba2 c5 16. Rab1 cxd4 17. Nxd4 Bf6 18. b4 Nc4 19. Rfe1 Nxa3 20. Rbd1 e5 21. fxe5 Bxe5 22. e4 dxe4 23. Nxe4 Bxd4+ 24. Kf1 Nc4 25. Bxc4 bxc4 26. Qf3 Bxe4 27. Rxe4 Rxe4 28. Qxe4 a5 29. Rxd4 Qb6 30. Qxa8+ Kh7 31. Qe4+ Qg6 32. Qxg6+ Kxg6 33. Rxc4 a4 34. Rc6+ Kf5 35. Ra6 Ke5 36. Rxa4 Kd4 37. b5+ Kc5 38. c4 Kb6 39. Rb4 Kc5 40. Rb2 Kxc4 41. b6 Kc3 42. Rb1 Kc2 43. Rb2+ Kc3 44. b7 Kc4 45. Rb1 1-0

[Event "ROM-ch U12 Girls"]
[Site "Calimanesti Caciulata"]
[Date "2016.04.18"]
[Round "1"]
[White "Pop, Ioana Cecilia"]
[Black "Lucutar, Sonia Patricia"]
[Result "1-0"]
[WhiteElo "1331"]
[BlackElo "1010"]
[PlyCount "126"]
[EventDate "2016.04.18"]
[EventType "swiss"]
[EventRounds "9"]
[EventCountry "ROU"]
[SourceTitle "CBM 172 Extra"]
[Source "ChessBase"]
[SourceDate "2016.06.21"]
[SourceVersion "1"]
[SourceVersionDate "2016.06.21"]
[SourceQuality "1"]

1. d4 d5 2. Nf3 Nf6 3. e3 e6 4. c4 Bb4+ 5. Bd2 Bxd2+ 6. Qxd2 c6 7. Nc3 0-0 8. Bd3 h6 9. 0-0 Re8 10. Rfe1 b6 11. b3 c5 12. Rad1 cxd4 13. exd4 a6 14. Re2 b5 15. cxb5 axb5 16. Bxb5 Bd7 17. Bxd7 Qxd7 18. h3 Nc6 19. Rc1 Qd6 20. Qc2 Nb4 21. Qd2 Nh5 22. Nb5 Qf4 23. a3 Rab8 24. Nc3 Nc6 25. Nxd5 exd5 26. Rxe8+ Rxe8 27. Qxf4 Nxf4 28. Rxc6 Ra8 29. a4 Rb8 30. a5 Rxb3 31. a6 Ra3 32. Rb6 Ne6 33. Rd6 Ra5 34. Rb6 Nc7 35. Rb8+ Kh7 36. Rc8 Nxa6 37. Ra8 Ra2 38. Ne5 Nb4 39. Rxa2 Nxa2 40. Nxf7 Nc3 41. Ne5 Ne2+ 42. Kf1 Nxd4 43. Ke1 Nb3 44. Ke2 d4 45. Nc6 g5 46. Kd3 h5 47. Nxd4 Nxd4 48. Kxd4 Kg6 49. Ke4 Kf6 50. g3 h4 51. gxh4 gxh4 52. Kf4 Kg6 53. Kg4 Kf6 54. Kxh4 Kf5 55. Kg3 Ke4 56. Kg4 Kd3 57. Kg3 Ke2 58. f4 Ke3 59. h4 Ke4 60. h5 Kd5 61. h6 Ke6 62. h7 Kd6 63. h8Q Kd5 1-0

[Event "ROM-ch U10 Girls"]
[Site "Calimanesti"]
[Date "2014.04.07"]
[Round "2"]
[White "Lucutar, Sonia Patricia"]
[Black "Nicula, Delia Maria"]
[Result "0-1"]
[WhiteElo "1042"]
[BlackElo "1001"]
[PlyCount "40"]
[EventDate "2014.04.06"]
[EventType "swiss"]
[EventRounds "9"]
[EventCountry "ROU"]
[SourceTitle "CBM 160 Extra"]
[Source "ChessBase"]
[SourceDate "2014.07.01"]
[SourceVersion "1"]
[SourceVersionDate "2014.07.01"]
[SourceQuality "1"]

1. e4 d5 2. Nc3 d4 3. Nd5 c6 4. Nb4 e5 5. Nd3 Bd6 6. Nf3 Qc7 7. c3 c5 8. cxd4 cxd4 9. Qa4+ Nc6 10. Qc2 Nf6 11. Be2 Nxe4 12. 0-0 0-0 13. Nh4 Qd7 14. Nf3 Nf6 15. Ng5 e4 16. Ne1 d3 17. Qd1 dxe2 18. Qxe2 h6 19. Nxe4 Nxe4 20. Qxe4 Bb4 0-1

[Event "ROM-ch U08 Girls"]
[Site "Calimanesti"]
[Date "2013.04.05"]
[Round "5"]
[White "Bresug, Ariana Bianca"]
[Black "Lucutar, Sonia Patricia"]
[Result "1/2-1/2"]
[WhiteElo "1056"]
[BlackElo "1001"]
[PlyCount "108"]
[EventDate "2013.04.02"]
[EventType "swiss"]
[EventRounds "9"]
[EventCountry "ROU"]
[SourceTitle "CBM 153 Extra"]
[Source "ChessBase"]
[SourceDate "2013.04.22"]
[SourceVersion "1"]
[SourceVersionDate "2013.04.22"]
[SourceQuality "1"]

1. e4 e5 2. Bc4 Nf6 3. d3 Bc5 4. Bg5 0-0 5. Nf3 d6 6. Nc3 Nc6 7. Nd5 Be6 8. Bxf6 Qd7 9. Bh4 Bxd5 10. Bxd5 Na5 11. h3 c6 12. Bb3 Nxb3 13. axb3 Qe6 14. 0-0 Qg6 15. Qd2 d5 16. exd5 cxd5 17. Nxe5 Qe6 18. Rfe1 Bd6 19. Nc4 Qd7 20. Nxd6 Qxd6 21. Be7 Qd7 22. Bxf8 Rxf8 23. Re2 d4 24. Rae1 g6 25. Re8 Rxe8 26. Rxe8+ Qxe8 27. c3 dxc3 28. bxc3 Qb5 29. b4 Qa4 30. Qe3 Qa3 31. d4 Qa1+ 32. Kh2 a5 33. bxa5 Qxa5 34. Qd3 Qa2 35. f3 Qf2 36. c4 Qb2 37. d5 b5 38. cxb5 Qe5+ 39. g3 f5 40. d6 f4 41. gxf4 Qxf4+ 42. Kg2 Qg5+ 43. Kf2 Kf8 44. d7 Qh4+ 45. Ke2 Qe7+ 46. Kf1 Qd8 47. b6 Ke7 48. b7 g5 49. b8Q Qxb8 50. d8Q+ Qxd8 51. Qxd8+ Kxd8 52. Kg2 Ke7 53. Kg3 Kf6 54. Kg4 Kg6 1/2-1/2

[Event "ROM-ch U08 Girls"]
[Site "Calimanesti"]
[Date "2013.04.03"]
[Round "3"]
[White "Matasaru, Stephanie"]
[Black "Lucutar, Sonia Patricia"]
[Result "1-0"]
[WhiteElo "1103"]
[BlackElo "1001"]
[PlyCount "65"]
[EventDate "2013.04.02"]
[EventType "swiss"]
[EventRounds "9"]
[EventCountry "ROU"]
[SourceTitle "CBM 153 Extra"]
[Source "ChessBase"]
[SourceDate "2013.04.22"]
[SourceVersion "1"]
[SourceVersionDate "2013.04.22"]
[SourceQuality "1"]

1. e4 e5 2. Nf3 Nf6 3. Nc3 Nc6 4. d3 Bb4 5. Bd2 0-0 6. g3 Bxc3 7. Bxc3 Nh5 8. Bg2 d6 9. h3 Be6 10. 0-0 Qf6 11. Kh2 d5 12. exd5 Bxd5 13. b4 Qd6 14. b5 Ne7 15. Bxe5 Qb6 16. c4 Bxf3 17. Bxf3 Qe6 18. d4 c6 19. Bxh5 cxb5 20. cxb5 a6 21. Re1 axb5 22. Bxg7 Kxg7 23. Rxe6 fxe6 24. Qg4+ Kh8 25. Qe2 Rac8 26. Qe5+ Kg8 27. Qxe6+ Kh8 28. Qxe7 Kg8 29. Kg2 Rc5 30. Qxc5 Ra8 31. Qf5 Ra6 32. Qf7+ Kh8 33. Qf8# 1-0